[Event "European Online Club-ch-B 2021"]
[Site "Online"]
[Date "2021.03.27"]
[Round "8.1"]
[White "Chlpik, Martin"]
[Black "Brunner, Nicolas"]
[Result "0-1"]
[WhiteElo "2199"]
[BlackElo "2418"]
[Annotator "NA"]
[PlyCount "108"]
[EventDate "2021.03.27"]
[EventType "team-tourn"]
[EventCountry "NET"]
[SourceTitle "playchess.com"]
[Source "ChessBase"]
[SourceQuality "1"]
[TimeControl "900+5"]

1. d4 {[%emt 0:00:00]} d5 {[%emt 0:00:02]} 2. Bf4 {[%emt 0:00:03]} Nf6 {[%emt 0:00:04]} 3. e3 {[%emt 0:00:01]} e6 {[%emt 0:00:01]} 4. Nd2 {[%emt 0:00:05]} c5 {[%emt 0:00:02]} 5. c3 {[%emt 0:00:04]} Nc6 {[%emt 0:00:03]} 6. Ngf3 {[%emt 0:00:01]} Bd6 {[%emt 0:00:02]} 7. Bg3 {[%emt 0:00:03]} O-O {[%emt 0:00:03]} 8. Bd3 {[%emt 0:00:02]} b6 {[%emt 0:00:02]} 9. Ne5 {[%emt 0:00:38]} Bb7 {[%emt 0:00:03]} 10. f4 {[%emt 0:00:05]} Ne7 {[%emt 0:00:03]} 11. Qb1 {[%emt 0:00:02]} g6 {[%emt 0:02:02]} 12. Bf2 {[%emt 0:00:05]} cxd4 {[%emt 0:00:25]} 13. exd4 {[%emt 0:00:10]} Nh5 {[%emt 0:00:05]} 14. g3 {[%emt 0:00:35]} f6 {[%emt 0:00:09]} 15. Nef3 {[%emt 0:00:25]} Qc8 {[%emt 0:00:09]} 16. O-O {[%emt 0:00:49]} Ba6 {[%emt 0:00:09]} 17. Bxa6 {[%emt 0:00:02]} Qxa6 {[%emt 0:00:02]} 18. Qe1 {[%emt 0:00:18]} Ng7 {[%emt 0:00:08]} 19. Be3 {[%emt 0:00:49]} Nef5 {[%emt 0:01:42]} 20. g4 {[%emt 0:01:57]} Nxe3 {[%emt 0:00:03]} 21. Qxe3 {[%emt 0:00:00]} Rae8 {[%emt 0:00:02]} 22. Rae1 {[%emt 0:00:42]} b5 {[%emt 0:00:54]} 23. a3 {[%emt 0:00:14]} Qc6 {[%emt 0:00:22]} 24. Rf2 {[%emt 0:00:42]} Qc7 {[%emt 0:00:29]} 25. Nh4 {[%emt 0:00:04]} e5 {[%emt 0:01:49]} 26. fxe5 {[%emt 0:00:14]} fxe5 {[%emt 0:00:02]} 27. Rxf8+ {[%emt 0:00:03]} Rxf8 {[%emt 0:00:32]} 28. Qe2 {[%emt 0:03:37]} e4 {[%emt 0:00:47]} 29. Nf1 {[%emt 0:01:28]} Qc6 {[%emt 0:01:04]} 30. Ne3 {[%emt 0:00:33]} Ne6 {[%emt 0:00:04]} 31. Nhg2 {[%emt 0:00:09]} Ng5 {[%emt 0:00:09]} 32. Rf1 {[%emt 0:00:36]} Nf3+ {[%emt 0:00:06]} 33. Kh1 {[%emt 0:00:04]} Bxh2 {[%emt 0:03:06]} 34. Ne1 {[%emt 0:00:04]} Nxe1 {[%emt 0:01:59]} 35. Rxf8+ {[%emt 0:00:06]} Kxf8 {[%emt 0:00:01]} 36. Qxh2 {[%emt 0:00:03]} Qf6 {[%emt 0:00:09]} 37. Qb8+ {[%emt 0:00:14]} Kg7 {[%emt 0:00:03]} 38. Qc7+ {[%emt 0:01:47]} Kh6 {[%emt 0:00:03]} 39. Qh2+ {[%emt 0:00:05]} Kg5 {[%emt 0:00:13]} 40. Qe5+ {[%emt 0:00:10]} Qxe5 {[%emt 0:00:02]} 41. dxe5 {[%emt 0:00:00]} Nd3 {[%emt 0:00:11]} 42. e6 {[%emt 0:00:18]} Kf6 {[%emt 0:00:02]} 43. Nxd5+ {[%emt 0:00:01]} Kxe6 {[%emt 0:00:01]} 44. Nc7+ {[%emt 0:00:02]} Ke5 {[%emt 0:00:03]} 45. Nxb5 {[%emt 0:00:01]} e3 {[%emt 0:00:08]} 46. Nd4 {[%emt 0:00:03]} Nxb2 {[%emt 0:00:03]} 47. Kg2 {[%emt 0:00:12]} Kf4 {[%emt 0:00:03]} 48. Kf1 {[%emt 0:00:18]} Kxg4 {[%emt 0:00:09]} 49. Ke2 {[%emt 0:00:03]} h5 {[%emt 0:00:13]} 50. Kxe3 {[%emt 0:00:10]} Nc4+ {[%emt 0:00:04]} 51. Kf2 {[%emt 0:00:11]} Nxa3 {[%emt 0:00:03]} 52. Nc6 {[%emt 0:00:01]} a6 {[%emt 0:00:12]} 53. Nb4 {[%emt 0:00:14]} a5 {[%emt 0:00:02]} 54. Nc6 {[%emt 0:00:06]} Nc4 {[%emt 0:00:03]} 0-1

[Event "European Online Club-ch-B 2021"]
[Site "Online"]
[Date "2021.03.27"]
[Round "8.2"]
[White "Mathieu, Phileas"]
[Black "Solcan, Martin"]
[Result "0-1"]
[WhiteElo "2240"]
[BlackElo "2076"]
[Annotator "NA"]
[PlyCount "88"]
[EventDate "2021.03.27"]
[EventType "team-tourn"]
[EventCountry "NET"]
[SourceTitle "playchess.com"]
[Source "ChessBase"]
[SourceQuality "1"]
[TimeControl "900+5"]

1. e4 {[%emt 0:00:00]} c5 {[%emt 0:00:04]} 2. Nf3 {[%emt 0:00:02]} g6 {[%emt 0:00:01]} 3. c3 {[%emt 0:00:04]} Bg7 {[%emt 0:00:02]} 4. d4 {[%emt 0:00:05]} cxd4 {[%emt 0:00:01]} 5. cxd4 {[%emt 0:00:04]} d5 {[%emt 0:00:02]} 6. e5 {[%emt 0:00:02]} Bg4 {[%emt 0:00:02]} 7. Nbd2 {[%emt 0:00:06]} Nc6 {[%emt 0:00:02]} 8. Be2 {[%emt 0:00:10]} Nh6 {[%emt 0:00:05]} 9. O-O {[%emt 0:00:06]} Nf5 {[%emt 0:00:06]} 10. h3 {[%emt 0:00:06]} Bxf3 {[%emt 0:00:08]} 11. Nxf3 {[%emt 0:00:01]} Qb6 {[%emt 0:00:09]} 12. Be3 {[%emt 0:00:20]} Nxe3 {[%emt 0:02:18]} 13. fxe3 {[%emt 0:00:04]} Bh6 {[%emt 0:00:01]} 14. Qd2 {[%emt 0:00:14]} f6 {[%emt 0:00:20]} 15. exf6 {[%emt 0:01:23]} exf6 {[%emt 0:00:03]} 16. Rae1 {[%emt 0:00:04]} O-O {[%emt 0:00:07]} 17. Bd1 {[%emt 0:00:04]} Rae8 {[%emt 0:00:24]} 18. Bb3 {[%emt 0:00:03]} Qb5 {[%emt 0:00:40]} 19. Qf2 {[%emt 0:04:06]} Na5 {[%emt 0:01:52]} 20. Nd2 {[%emt 0:00:55]} Nxb3 {[%emt 0:00:17]} 21. Nxb3 {[%emt 0:00:03]} b6 {[%emt 0:01:56]} 22. Re2 {[%emt 0:01:35]} Qd3 {[%emt 0:00:33]} 23. Rfe1 {[%emt 0:00:05]} f5 {[%emt 0:00:51]} 24. Qf3 {[%emt 0:00:05]} Re4 {[%emt 0:00:26]} 25. Nd2 {[%emt 0:01:46]} Bxe3+ {[%emt 0:00:03]} 26. Kh1 {[%emt 0:00:02]} f4 {[%emt 0:01:34]} 27. Nxe4 {[%emt 0:00:08]} dxe4 {[%emt 0:00:01]} 28. Qg4 {[%emt 0:01:28]} Rf5 {[%emt 0:00:03]} 29. Qh4 {[%emt 0:00:26]} Qxd4 {[%emt 0:00:02]} 30. Qe7 {[%emt 0:00:08]} Rf7 {[%emt 0:01:04]} 31. Qe8+ {[%emt 0:00:05]} Kg7 {[%emt 0:00:49]} 32. Qe6 {[%emt 0:00:05]} Qd3 {[%emt 0:00:26]} 33. Qe5+ {[%emt 0:00:07]} Kh6 {[%emt 0:00:07]} 34. Qe8 {[%emt 0:00:45]} Qd5 {[%emt 0:00:29]} 35. b3 {[%emt 0:01:07]} Rf5 {[%emt 0:01:18]} 36. Qe7 {[%emt 0:00:47]} Rf7 {[%emt 0:00:19]} 37. Qb4 {[%emt 0:00:21]} a5 {[%emt 0:00:19]} 38. Qa4 {[%emt 0:00:49]} Rc7 {[%emt 0:00:14]} 39. Qe8 {[%emt 0:00:11]} Qf5 {[%emt 0:00:13]} 40. Rf1 {[%emt 0:00:05]} f3 {[%emt 0:00:41]} 41. Rxe3 {[%emt 0:00:12]} fxg2+ {[%emt 0:00:03]} 42. Kxg2 {[%emt 0:00:01]} Rc2+ {[%emt 0:00:02]} 43. Kg1 {[%emt 0:00:03]} Qg5+ {[%emt 0:00:04]} 44. Kh1 {[%emt 0:00:01]} Qg2# {[%emt 0:00:02]} 0-1

[Event "European Online Club-ch-B 2021"]
[Site "Online"]
[Date "2021.03.27"]
[Round "8.3"]
[White "Lecky, Juraj"]
[Black "Adrian, Leopold"]
[Result "0-1"]
[WhiteElo "2070"]
[BlackElo "2009"]
[Annotator "NA"]
[PlyCount "48"]
[EventDate "2021.03.27"]
[EventType "team-tourn"]
[EventCountry "NET"]
[SourceTitle "playchess.com"]
[Source "ChessBase"]
[SourceQuality "1"]
[TimeControl "900+5"]

1. e4 {[%emt 0:00:00]} e6 {[%emt 0:00:04]} 2. d4 {[%emt 0:00:03]} d5 {[%emt 0:00:01]} 3. Nc3 {[%emt 0:00:01]} Bb4 {[%emt 0:00:03]} 4. e5 {[%emt 0:00:03]} Ne7 {[%emt 0:00:04]} 5. a3 {[%emt 0:00:04]} Bxc3+ {[%emt 0:00:02]} 6. bxc3 {[%emt 0:00:00]} b6 {[%emt 0:00:01]} 7. Qg4 {[%emt 0:00:07]} Ng6 {[%emt 0:00:02]} 8. h4 {[%emt 0:00:36]} h5 {[%emt 0:00:03]} 9. Qg3 {[%emt 0:00:04]} Ba6 {[%emt 0:00:02]} 10. Bxa6 {[%emt 0:01:17]} Nxa6 {[%emt 0:00:03]} 11. Qd3 {[%emt 0:00:09]} Nb8 {[%emt 0:00:04]} 12. Nf3 {[%emt 0:00:09]} Qc8 {[%emt 0:00:20]} 13. Ng5 {[%emt 0:00:36]} Ne7 {[%emt 0:00:38]} 14. c4 {[%emt 0:02:14]} c6 {[%emt 0:02:58]} 15. Nf3 {[%emt 0:04:12]} Qa6 {[%emt 0:01:26]} 16. Nd2 {[%emt 0:00:14]} Nf5 {[%emt 0:00:26]} 17. Bb2 {[%emt 0:00:12]} Nd7 {[%emt 0:00:26]} 18. g3 {[%emt 0:00:13]} O-O-O {[%emt 0:01:09]} 19. a4 {[%emt 0:01:18]} dxc4 {[%emt 0:03:03]} 20. Nxc4 {[%emt 0:00:51]} Nc5 {[%emt 0:00:33]} 21. Qc3 {[%emt 0:01:56]} Nxd4 {[%emt 0:00:37]} 22. Ba3 {[%emt 0:01:58]} Nxc2+ {[%emt 0:03:24]} 23. Qxc2 {[%emt 0:00:16]} Nd3+ {[%emt 0:00:03]} 24. Kf1 {[%emt 0:00:21]} Nxe5 {[%emt 0:00:03]} 0-1

[Event "European Online Club-ch-B 2021"]
[Site "Online"]
[Date "2021.03.27"]
[Round "8.4"]
[White "Venard, Paul-Andre"]
[Black "Nikel, Rastislav"]
[Result "0-1"]
[WhiteElo "2048"]
[BlackElo "1984"]
[Annotator "NA"]
[PlyCount "78"]
[EventDate "2021.03.27"]
[EventType "team-tourn"]
[EventCountry "NET"]
[SourceTitle "playchess.com"]
[Source "ChessBase"]
[SourceQuality "1"]
[TimeControl "900+5"]

1. d4 {[%emt 0:00:00]} f5 {[%emt 0:00:03]} 2. Nf3 {[%emt 0:00:03]} g6 {[%emt 0:00:02]} 3. g3 {[%emt 0:00:02]} Bg7 {[%emt 0:00:02]} 4. Bg2 {[%emt 0:00:02]} d6 {[%emt 0:00:01]} 5. O-O {[%emt 0:00:02]} Nc6 {[%emt 0:00:02]} 6. d5 {[%emt 0:01:35]} Ne5 {[%emt 0:00:03]} 7. Nxe5 {[%emt 0:00:06]} dxe5 {[%emt 0:00:03]} 8. c4 {[%emt 0:00:40]} Nf6 {[%emt 0:00:04]} 9. Qb3 {[%emt 0:00:24]} O-O {[%emt 0:00:17]} 10. Nc3 {[%emt 0:00:32]} e4 {[%emt 0:00:06]} 11. Rd1 {[%emt 0:00:28]} h6 {[%emt 0:00:16]} 12. Be3 {[%emt 0:00:48]} Kh7 {[%emt 0:00:22]} 13. Bd4 {[%emt 0:00:07]} a6 {[%emt 0:01:02]} 14. c5 {[%emt 0:00:24]} Qe8 {[%emt 0:00:20]} 15. Rac1 {[%emt 0:01:15]} g5 {[%emt 0:01:05]} 16. d6 {[%emt 0:00:20]} e5 {[%emt 0:00:28]} 17. Be3 {[%emt 0:00:09]} f4 {[%emt 0:00:04]} 18. Bd2 {[%emt 0:00:42]} e3 {[%emt 0:00:14]} 19. Be1 {[%emt 0:00:43]} exf2+ {[%emt 0:01:17]} 20. Bxf2 {[%emt 0:00:02]} Qh5 {[%emt 0:00:03]} 21. Bf3 {[%emt 0:01:05]} g4 {[%emt 0:00:07]} 22. Bg2 {[%emt 0:01:15]} f3 {[%emt 0:00:48]} 23. Bf1 {[%emt 0:00:38]} c6 {[%emt 0:01:35]} 24. e4 {[%emt 0:02:09]} Rb8 {[%emt 0:00:12]} 25. Qc4 {[%emt 0:02:06]} Bd7 {[%emt 0:00:06]} 26. b4 {[%emt 0:00:33]} Qg6 {[%emt 0:00:17]} 27. a4 {[%emt 0:00:21]} h5 {[%emt 0:00:06]} 28. b5 {[%emt 0:00:43]} axb5 {[%emt 0:00:05]} 29. axb5 {[%emt 0:00:02]} h4 {[%emt 0:00:02]} 30. Rb1 {[%emt 0:00:07]} Nh5 {[%emt 0:00:10]} 31. Qb4 {[%emt 0:00:06]} hxg3 {[%emt 0:00:40]} 32. hxg3 {[%emt 0:00:03]} Rf7 {[%emt 0:00:25]} 33. bxc6 {[%emt 0:00:02]} Bxc6 {[%emt 0:00:03]} 34. Nd5 {[%emt 0:00:01]} Rbf8 {[%emt 0:00:46]} 35. Ne7 {[%emt 0:00:08]} Qh6 {[%emt 0:00:04]} 36. Nxc6 {[%emt 0:00:10]} Nxg3 {[%emt 0:00:16]} 37. Bxg3 {[%emt 0:00:02]} f2+ {[%emt 0:00:02]} 38. Bxf2 {[%emt 0:00:05]} Rxf2 {[%emt 0:00:04]} 39. Bg2 {[%emt 0:00:05]} g3 {[%emt 0:00:17]} 0-1

[Event "European Online Club-ch-B 2021"]
[Site "Online"]
[Date "2021.03.27"]
[Round "8.5"]
[White "Vidit, Santosh Gujrathi"]
[Black "Sorensen, Hampus"]
[Result "1-0"]
[WhiteElo "2726"]
[BlackElo "2395"]
[Annotator "TA"]
[PlyCount "93"]
[EventDate "2021.03.27"]
[EventType "team-tourn"]
[EventCountry "NET"]
[SourceTitle "playchess.com"]
[Source "ChessBase"]
[SourceQuality "1"]

{[%evp 22,93,34,34,31,20,10,25,43,46,67,31,89,30,54,33,31,40,65,40,45,47,35,40,34,28,112,55,58,58,64,42,101,101,101,83,101,86,89,92,127,127,131,127,174,127,127,127,208,198,208,203,329,327,542,540,757,704,931,903,836,813,1066,1072,1064,1003,876,849,754,738,637,768,909,926]} 1. e4 e5 2. Nf3 Nc6 3. Bc4 Bc5 4. c3 Nf6 5. d3 a6 6. O-O Ba7 7. Bb3 d6 8. Re1 O-O 9. h3 Ne7 10. Nbd2 {[%cal Bb1d2,Bd2f1,Bf1g3,Bg3f5][%mdl 32]} Ng6 11. Nf1 h6 12. Ng3 Be6 {C54: Giuoco Piano: 4 c3 Nf6, main lines with 5 d4 and 5 d3.} 13. Bc2 Re8 14. d4 Nh7 {White has an edge.} 15. Be3 Ng5 16. Nf5 {[#]} Nf4 $146 (16... Nh7 $14) ({Predecessor:} 16... exd4 17. cxd4 c5 18. Nxg5 hxg5 19. Qh5 Nf4 20. Qg4 Bxf5 21. exf5 cxd4 22. Bxf4 Rxe1+ 23. Rxe1 gxf4 {1-0 (96) Efimenko,Z (2616)-Adams,M (2735) Gibraltar 2007}) 17. Nxg5 (17. Bxf4 $16 exf4 18. h4) 17... hxg5 18. g3 Bxf5 19. exf5 Nd5 20. Bd2 exd4 21. Rxe8+ Qxe8 22. Qf3 dxc3 23. bxc3 Nf6 (23... c6 $1 $11 {remains equal.}) 24. Bxg5 ({White should try} 24. Qxb7 $16 g4 25. hxg4 Nxg4 26. Kg2) 24... Qc6 25. Qxc6 bxc6 26. Rb1 Rb8 (26... Bb6 $14) 27. Rxb8+ $16 Bxb8 {[%mdl 4096] Endgame KBB-KBN} 28. Kg2 Ba7 29. Kf3 Bb6 30. Ba4 c5 31. c4 Ba5 32. Bc6 Bc3 33. g4 Kf8 34. h4 Ne8 (34... Ng8 $16 35. Bd8 Ba5) 35. Bf4 $18 Nf6 36. g5 Nh5 (36... Ng8 $142 37. Ke4 f6) 37. Bc1 Bd4 $2 {[#]} (37... g6 38. Be4 gxf5) 38. Be4 {White is clearly winning.} c6 39. Kg4 d5 40. cxd5 ({Weaker is} 40. Kxh5 dxe4 41. Be3 Kg8 $16) 40... cxd5 41. Bxd5 g6 42. fxg6 fxg6 43. f4 Ng7 44. Be4 Kf7 45. Bd2 Bb2 46. Bd3 Ne6 47. Bxa6 {Weighted Error Value: White=0.13/Black=0.38} 1-0

[Event "European Online Club-ch-B 2021"]
[Site "Online"]
[Date "2021.03.27"]
[Round "8.6"]
[White "Agrest, Inna"]
[Black "Wojtaszek, Radoslaw"]
[Result "0-1"]
[WhiteElo "2285"]
[BlackElo "2705"]
[Annotator "TA"]
[PlyCount "62"]
[EventDate "2021.03.27"]
[EventType "team-tourn"]
[EventCountry "NET"]
[SourceTitle "playchess.com"]
[Source "ChessBase"]
[SourceQuality "1"]

{[%evp 9,62,-7,22,-27,-40,-31,-20,-77,-64,-126,12,-196,-189,-182,-204,-344,-388,-354,-371,-376,-352,-373,-302,-293,-195,-174,-104,-133,-116,-124,0,-93,-44,-74,-79,-409,-406,-460,-445,-721,-723,-727,-691,-696,-704,-668,-562,-718,-710,-841,-819,-783,-625,-980,-982]} 1. e4 c6 2. d4 d5 3. f3 g6 4. c3 Bg7 5. Be3 Qb6 6. Qd2 {B12: Caro-Kann: Advance Variation.} dxe4 7. fxe4 Nf6 {[#]} 8. e5 $146 (8. Bd3 $11) ({Predecessor:} 8. Bd3 Ng4 9. Bf4 e5 10. dxe5 Nd7 11. e6 fxe6 12. h3 Nge5 13. Bxe5 Nxe5 14. Be2 {0-1 (26) Mayers,D (1965)-Heinis,V (2156) Gibraltar 2007}) 8... Nd5 $17 9. Bf2 {[#]} (9. b3 $15) 9... Bf5 (9... Bh6 $1 $17 {[%cal Rh6d2][%mdl 512]} 10. Qe2 (10. Qxh6 $2 Qxb2 {[%mdl 64] Double Attack} 11. Bd3 Qxa1 $19) 10... Bf5) 10. Nf3 {[#]} (10. Na3 $1 $11) 10... Bh6 $1 $36 {[%cal Rh6d2][%mdl 2624] Deflection. Black is on the roll.} 11. Qxh6 Qxb2 {[%mdl 64] Double Attack} 12. Qd2 (12. Bc4 {was worth a try.}) 12... Qxa1 13. Bd3 Bxd3 14. Qxd3 Qxa2 15. O-O Nd7 16. c4 N5b6 17. Nbd2 O-O-O ({Better is} 17... Nf8 $19 18. Qc3 Ne6) 18. Qc3 {[#]} Na4 $1 {[%cal Ra4c3]} 19. Qb4 Ndb6 (19... c5 $1 $17 {[%cal Rc5b4]} 20. Qa5 b6 21. Qa6+ Kb8 22. dxc5 Nc3 23. Qxa2 Nxa2 24. cxb6 axb6) 20. Qxe7 (20. e6 $11 fxe6 21. Bg3) 20... Rd7 21. Qf6 Re8 22. Rc1 {[%mdl 8192] [#]} (22. Ne4 $17 {is tougher.}) 22... Nc3 $1 {[%mdl 576] Strongly threatening ...Ne2+. Deflection, Decoy} 23. Rxc3 {Black must now prevent Rc1.} (23. Re1 Nxc4) 23... Qa1+ {[%mdl 64] Double Attack. Black is clearly winning.} 24. Ne1 (24. Nb1 $142 Qxb1+ 25. Ne1) 24... Qxc3 {[%mdl 64] Double Attack} 25. Ne4 Qxc4 26. Nd6+ {[#]} Rxd6 $1 27. Qxd6 Nd5 28. h3 Qb4 29. Nd3 Qxd6 30. exd6 Kd7 31. Bg3 b6 {Weighted Error Value: White=1.14/Black=0.35} 0-1

[Event "European Online Club-ch-B 2021"]
[Site "Online"]
[Date "2021.03.27"]
[Round "8.7"]
[White "Navara, David"]
[Black "Rasti, Arvin"]
[Result "1-0"]
[WhiteElo "2697"]
[BlackElo "2195"]
[Annotator "ChessBase"]
[PlyCount "67"]
[EventDate "2021.03.27"]
[EventType "team-tourn"]
[EventCountry "NET"]
[SourceTitle "playchess.com"]
[Source "ChessBase"]
[SourceQuality "1"]
[TimeControl "900+5"]

1. d4 {[%emt 0:00:00]} Nf6 {[%emt 0:00:06]} 2. c4 {[%emt 0:00:02]} c5 {[%emt 0:00:07]} 3. d5 {[%emt 0:00:02]} d6 {[%emt 0:00:03]} 4. Nc3 {[%emt 0:00:06]} g6 {[%emt 0:00:02]} 5. e4 {[%emt 0:00:05]} Bg7 {[%emt 0:00:04]} 6. Bd3 {[%emt 0:00:26]} O-O {[%emt 0:00:15]} 7. h3 {[%emt 0:00:03]} e6 {[%emt 0:00:02]} 8. Nf3 {[%emt 0:00:02]} Re8 {[%emt 0:00:05]} 9. O-O {[%emt 0:00:22]} Na6 {[%emt 0:00:03]} 10. Bg5 {[%emt 0:01:15]} h6 {[%emt 0:00:07]} 11. Be3 {[%emt 0:00:03]} Nc7 {[%emt 0:00:09]} 12. Qd2 {[%emt 0:01:30]} exd5 {[%emt 0:00:31]} 13. exd5 {[%emt 0:00:33]} Kh7 {[%emt 0:00:06]} 14. Rfe1 {[%emt 0:01:01]} Rb8 {[%emt 0:01:20]} 15. a4 {[%emt 0:01:27]} a6 {[%emt 0:00:27]} 16. a5 {[%emt 0:01:35]} b5 {[%emt 0:00:22]} 17. axb6 {[%emt 0:00:00]} Rxb6 {[%emt 0:00:02]} 18. Rab1 {[%emt 0:01:00]} Bd7 {[%emt 0:00:44]} 19. Bc2 {[%emt 0:00:33]} Qc8 {[%emt 0:00:33]} 20. Kh2 {[%emt 0:01:05]} Bf5 {[%emt 0:00:21]} 21. b3 {[%emt 0:00:04]} Ne4 {[%emt 0:00:30]} 22. Nxe4 {[%emt 0:00:23]} Bxe4 {[%emt 0:00:02]} 23. Bxc5 {[%emt 0:00:39]} Bxc2 {[%emt 0:00:38]} 24. Bxb6 {[%emt 0:00:05]} Bxb1 {[%emt 0:00:16]} 25. Rxb1 {[%emt 0:00:00]} Qf5 {[%emt 0:01:10]} 26. Re1 {[%emt 0:00:03]} Rxe1 {[%emt 0:00:05]} 27. Qxe1 {[%emt 0:00:00]} Na8 {[%emt 0:00:20]} 28. Ba5 {[%emt 0:00:10]} Qd7 {[%emt 0:01:18]} 29. Qe3 {[%emt 0:00:22]} g5 {[%emt 0:00:14]} 30. Nd4 {[%emt 0:00:43]} Nc7 {[%emt 0:01:00]} 31. Qe4+ {[%emt 0:00:18]} Kg8 {[%emt 0:00:07]} 32. Qf5 {[%emt 0:00:34]} Be5+ {[%emt 0:00:33]} 33. g3 {[%emt 0:00:09]} Qe8 {[%emt 0:01:34]} 34. Nc6 {[%emt 0:00:04]} 1-0

[Event "European Online Club-ch-B 2021"]
[Site "Online"]
[Date "2021.03.27"]
[Round "8.8"]
[White "Wengholm, Anders"]
[Black "Ragger, Markus"]
[Result "0-1"]
[WhiteElo "2198"]
[BlackElo "2680"]
[Annotator "ChessBase"]
[PlyCount "68"]
[EventDate "2021.03.27"]
[EventType "team-tourn"]
[EventCountry "NET"]
[SourceTitle "playchess.com"]
[Source "ChessBase"]
[SourceQuality "1"]
[TimeControl "900+5"]

1. Nf3 {[%emt 0:00:00]} c5 {[%emt 0:00:02]} 2. c4 {[%emt 0:00:03]} Nf6 {[%emt 0:00:02]} 3. Nc3 {[%emt 0:00:04]} d5 {[%emt 0:00:01]} 4. cxd5 {[%emt 0:00:02]} Nxd5 {[%emt 0:00:02]} 5. d4 {[%emt 0:00:01]} Nxc3 {[%emt 0:00:06]} 6. bxc3 {[%emt 0:00:03]} g6 {[%emt 0:00:01]} 7. e3 {[%emt 0:01:09]} Bg7 {[%emt 0:01:04]} 8. Bb5+ {[%emt 0:00:06]} Bd7 {[%emt 0:00:10]} 9. Bd3 {[%emt 0:00:02]} Qa5 {[%emt 0:00:29]} 10. Bd2 {[%emt 0:01:50]} O-O {[%emt 0:00:04]} 11. O-O {[%emt 0:00:14]} Ba4 {[%emt 0:00:05]} 12. Qe2 {[%emt 0:00:06]} Nd7 {[%emt 0:01:01]} 13. Rab1 {[%emt 0:00:48]} Qc7 {[%emt 0:00:13]} 14. h4 {[%emt 0:00:16]} Rac8 {[%emt 0:00:35]} 15. Rbc1 {[%emt 0:00:15]} e5 {[%emt 0:00:47]} 16. d5 {[%emt 0:00:31]} c4 {[%emt 0:00:39]} 17. Bb1 {[%emt 0:00:04]} e4 {[%emt 0:01:01]} 18. Bxe4 {[%emt 0:00:13]} Nf6 {[%emt 0:00:03]} 19. Bb1 {[%emt 0:00:03]} Rfe8 {[%emt 0:00:44]} 20. Nd4 {[%emt 0:02:08]} Qe5 {[%emt 0:01:11]} 21. Qf3 {[%emt 0:01:04]} Qxd5 {[%emt 0:00:03]} 22. Qxd5 {[%emt 0:00:35]} Nxd5 {[%emt 0:00:01]} 23. h5 {[%emt 0:00:04]} Nf6 {[%emt 0:00:31]} 24. hxg6 {[%emt 0:00:03]} hxg6 {[%emt 0:00:01]} 25. f3 {[%emt 0:00:29]} Nd7 {[%emt 0:01:31]} 26. Be4 {[%emt 0:06:02]} Rxe4 {[%emt 0:02:42]} 27. fxe4 {[%emt 0:00:03]} Nc5 {[%emt 0:00:02]} 28. Be1 {[%emt 0:00:38]} Nxe4 {[%emt 0:00:15]} 29. Rb1 {[%emt 0:00:13]} b6 {[%emt 0:00:13]} 30. Rc1 {[%emt 0:00:08]} Re8 {[%emt 0:00:08]} 31. Bh4 {[%emt 0:00:06]} Bh6 {[%emt 0:00:32]} 32. Rfe1 {[%emt 0:00:03]} Nc5 {[%emt 0:00:43]} 33. Re2 {[%emt 0:00:07]} Bxe3+ {[%emt 0:00:09]} 34. Kh1 {[%emt 0:00:05]} Bxc1 {[%emt 0:00:02]} 0-1

[Event "European Online Club-ch-B 2021"]
[Site "Online"]
[Date "2021.03.27"]
[Round "8.9"]
[White "Svane, Rasmus"]
[Black "Demidov, Mikhail"]
[Result "1/2-1/2"]
[WhiteElo "2613"]
[BlackElo "2523"]
[Annotator "ChessBase"]
[PlyCount "66"]
[EventDate "2021.03.27"]
[EventType "team-tourn"]
[EventCountry "NET"]
[SourceTitle "playchess.com"]
[Source "ChessBase"]
[SourceQuality "1"]
[TimeControl "900+5"]

1. Nf3 {[%emt 0:00:00]} g6 {[%emt 0:00:03]} 2. e4 {[%emt 0:00:05]} Bg7 {[%emt 0:00:02]} 3. d4 {[%emt 0:00:01]} d6 {[%emt 0:00:04]} 4. Bd3 {[%emt 0:00:03]} Nf6 {[%emt 0:00:58]} 5. O-O {[%emt 0:00:05]} O-O {[%emt 0:00:02]} 6. h3 {[%emt 0:00:05]} Nc6 {[%emt 0:00:34]} 7. c3 {[%emt 0:00:02]} e5 {[%emt 0:00:03]} 8. Re1 {[%emt 0:00:01]} Re8 {[%emt 0:00:07]} 9. Nbd2 {[%emt 0:00:33]} d5 {[%emt 0:02:41]} 10. dxe5 {[%emt 0:00:06]} Nxe4 {[%emt 0:00:18]} 11. Nxe4 {[%emt 0:00:05]} dxe4 {[%emt 0:00:04]} 12. Bxe4 {[%emt 0:00:21]} Qxd1 {[%emt 0:00:05]} 13. Rxd1 {[%emt 0:00:00]} Nxe5 {[%emt 0:00:08]} 14. Nxe5 {[%emt 0:00:44]} Bxe5 {[%emt 0:00:04]} 15. Be3 {[%emt 0:00:42]} c6 {[%emt 0:00:11]} 16. Bf3 {[%emt 0:00:56]} Be6 {[%emt 0:00:13]} 17. Rd2 {[%emt 0:00:22]} Bc7 {[%emt 0:00:17]} 18. a3 {[%emt 0:03:30]} a6 {[%emt 0:00:10]} 19. Bd4 {[%emt 0:00:31]} Rad8 {[%emt 0:00:09]} 20. Re2 {[%emt 0:00:16]} Bc4 {[%emt 0:00:15]} 21. Ree1 {[%emt 0:00:11]} f5 {[%emt 0:01:05]} 22. g3 {[%emt 0:01:07]} Kf7 {[%emt 0:00:07]} 23. Kg2 {[%emt 0:00:35]} h5 {[%emt 0:00:24]} 24. Rad1 {[%emt 0:00:26]} Bb3 {[%emt 0:00:10]} 25. Rxe8 {[%emt 0:00:19]} Rxe8 {[%emt 0:00:16]} 26. Rd2 {[%emt 0:00:06]} Rd8 {[%emt 0:00:05]} 27. Re2 {[%emt 0:00:36]} Bc4 {[%emt 0:00:14]} 28. Re1 {[%emt 0:00:03]} Re8 {[%emt 0:00:36]} 29. Rd1 {[%emt 0:00:04]} Bb3 {[%emt 0:00:44]} 30. Rd2 {[%emt 0:00:02]} Rd8 {[%emt 0:00:02]} 31. Re2 {[%emt 0:00:11]} Bc4 {[%emt 0:00:04]} 32. Re1 {[%emt 0:00:02]} Re8 {[%emt 0:00:02]} 33. Rd1 {[%emt 0:00:02]} Bb3 {[%emt 0:00:05]} 1/2-1/2